Cook's Book of Essential Information : (Record no. 603173)

MARC details
000 -LEADER
fixed length control field 00467nam a2200193 a 4500
008 - FIXED-LENGTH DATA ELEMENTS--GENERAL INFORMATION
fixed length control field 251218s1990##################000#0#eng##
020 ## - INTERNATIONAL STANDARD BOOK NUMBER
ISBN 9780440502630
082 04 - DEWEY DECIMAL CLASSIFICATION NUMBER
Classification number 641.5
Item number HIL
100 1# - MAIN ENTRY--AUTHOR NAME
Personal name Hill, Barbara,
245 10 - TITLE STATEMENT
Title Cook's Book of Essential Information :
260 ## - PUBLICATION, DISTRIBUTION, ETC. (IMPRINT)
Name of publisher Dell,
Year of publication 1990.
300 ## - PHYSICAL DESCRIPTION
Number of Pages 338 pages
650 #0 - SUBJECT ADDED ENTRY--TOPICAL TERM
Topical Term Cooking.
942 ## - ADDED ENTRY ELEMENTS (KOHA)
Koha item type English Books
Holdings
Withdrawn status Lost status Damaged status Not for loan Home library Current library Shelving location Date acquired Full call number Accession Number Price effective from Koha item type
        Anna Centenary Library Anna Centenary Library 6TH FLOOR, A WING 18.12.2025 641.5 HIL 419863 18.12.2025 English Books

Find us on the map